Directory of scientific research institutions in India 1969 (Record no. 1364934)
[ view plain ]
| 000 -LEADER | |
|---|---|
| fixed length control field | 00597nam a2200193Ia 4500 |
| 005 - DATE AND TIME OF LATEST TRANSACTION | |
| control field | 20250508160505.0 |
| 008 - FIXED-LENGTH DATA ELEMENTS--GENERAL INFORMATION | |
| fixed length control field | 008 250505s9999 xx 000 0 eng d |
| 037 ## - SOURCE OF ACQUISITION | |
| Stock number | Reference |
| 040 ## - CATALOGING SOURCE | |
| Original cataloging agency | FEDL |
| Language of cataloging | eng |
| Transcribing agency | FEDL |
| 041 ## - LANGUAGE CODE | |
| Language code of text/sound track or separate title | eng |
| Source of code | eng |
| 084 ## - COLON CLASSIFICATION NUMBER | |
| Classification number | 506.54058, RAJ |
| Assigning agency | FEDL |
| 100 ## - MAIN ENTRY--PERSONAL NAME | |
| Personal name | Rajagopalan T S |
| 245 #0 - TITLE STATEMENT | |
| Title | Directory of scientific research institutions in India 1969 |
| 260 ## - PUBLICATION, DISTRIBUTION, ETC. | |
| Place of publication, distribution, etc. | Delhi, India |
| Name of publisher, distributor, etc. | Indian National Scientific Documentation Centre |
| 300 ## - PHYSICAL DESCRIPTION | |
| Extent | 1120p. |
| 700 ## - ADDED ENTRY--PERSONAL NAME | |
| Personal name | Satyanarayana R |
| 9 (RLIN) | 768618 |
| 942 ## - ADDED ENTRY ELEMENTS (KOHA) | |
| Koha item type | Reference |
| Classification part | 506.54058, RAJ |
| Withdrawn status | Lost status | Damaged status | Not for loan | Home library | Current library | Date acquired | Total Checkouts | Full call number | Barcode | Date last seen | Price effective from | Koha item type |
|---|---|---|---|---|---|---|---|---|---|---|---|---|
| Department of Education Library | Department of Education Library | 2025-05-08 | 506.54058, RAJ | EL0051305 | 2025-05-08 | 2025-05-08 | Reference |
